00784nam a2200205 a 450000100100000000500170001000800410002702000160006804000250008408200220010910000300013124000400016124501190020125000110032026000550033130000280038650000270041495201200044199900170056100003687920200930080008.0120203s1997 mx 000 0 spa d a013233867-X aDO-SdBNPbspacBNPHU axxxxbF943m, 19971 aFroyen, Richard T.96324910aMacroeconomics, theories & policies10aMacroeconomía, teorías y políticas. /cRichard T. Froyen; traducción María de los Ángeles Pérez Cue. a5a ed. aMéxico :bPrentice-Hall Hispanoamericana,c1997. a570 p. :bil. ;c24 cm. aTraducido del inglés 001050718MOaGRbGRcCTd2012-02-03iLF1l0oxxxx F943m, 1997p36879-10r2020-06-25w2020-06-25y1ZNo se presta c36370d36370